[Event "Oberliga Sued W 1415"]
[Site "Germany"]
[Date "2014.12.07"]
[Round "4.4"]
[White "Vogler, Tilmann"]
[Black "Muranyi, Karl Jasmin"]
[Result "1-0"]
[WhiteElo "2254"]
[BlackElo "2355"]
[PlyCount "69"]
[EventDate "2014.09.21"]
[EventType "team-tourn"]
[EventRounds "9"]
[EventCountry "GER"]
[SourceTitle "EXT 2019"]
[Source "ChessBase"]
[SourceDate "2018.10.10"]
[SourceVersion "1"]
[SourceVersionDate "2018.10.10"]
[SourceQuality "1"]
[WhiteTeam "Schott Mainz II"]
[BlackTeam "Landau"]
[WhiteTeamCountry "GER"]
[BlackTeamCountry "GER"]

1. Nf3 d5 2. c4 c6 3. e3 Nf6 4. Be2 Bg4 5. cxd5 Bxf3 6. Bxf3 cxd5 7. Qb3 Qd7 8. Nc3 e6 9. d4 Nc6 10. Bd2 Bd6 11. Rc1 0-0 12. Na4 b6 13. 0-0 Rac8 14. Rc2 Ne7 15. Nc3 Bb8 16. Rfc1 Nf5 17. g3 Nd6 18. Be1 h5 19. Be2 g6 20. Ba6 Rc7 21. a4 h4 22. Nb5 Rxc2 23. Qxc2 hxg3 24. hxg3 Kg7 25. Qc6 Qxc6 26. Rxc6 Nxb5 27. Bxb5 Ne4 28. a5 bxa5 29. Bxa5 g5 30. Kg2 Kf6 31. Bd3 g4 32. Bxe4 dxe4 33. d5 Ke5 34. d6 Kd5 35. Rc1 1-0

[Event "Oberliga Sued W 1415"]
[Site "Germany"]
[Date "2014.09.21"]
[Round "1.4"]
[White "Vogler, Tilmann"]
[Black "Loef, Dirk"]
[Result "0-1"]
[WhiteElo "2254"]
[BlackElo "2143"]
[PlyCount "104"]
[EventDate "2014.09.21"]
[EventType "team-tourn"]
[EventRounds "9"]
[EventCountry "GER"]
[SourceTitle "EXT 2019"]
[Source "ChessBase"]
[SourceDate "2018.10.10"]
[SourceVersion "1"]
[SourceVersionDate "2018.10.10"]
[SourceQuality "1"]
[WhiteTeam "Schott Mainz II"]
[BlackTeam "Heidesheim"]
[WhiteTeamCountry "GER"]
[BlackTeamCountry "GER"]

1. Nf3 c5 2. c4 Nf6 3. g3 b6 4. Bg2 Bb7 5. 0-0 g6 6. b3 Bg7 7. Bb2 0-0 8. d3 d6 9. Nbd2 Nc6 10. e3 Qc7 11. Qe2 e5 12. Rad1 Rfe8 13. Ng5 Rad8 14. Nde4 d5 15. Nxf6+ Bxf6 16. f4 d4 17. Bd5 exf4 18. Bxf7+ Kg7 19. Ne6+ Rxe6 20. Bxe6 Qe5 21. gxf4 Qxe6 22. e4 Kh8 23. Bc1 Rg8 24. Qg2 Nb4 25. Rf3 Nxd3 26. Rfxd3 Bxe4 27. Re1 Re8 28. Qh3 Qg8 29. Rd2 Bf5 30. Qf1 Rd8 31. Qf3 d3 32. Bb2 Qg7 33. Qd5 Bd4+ 34. Bxd4 Qxd4+ 35. Qxd4+ Rxd4 36. Re8+ Kg7 37. Re7+ Kf6 38. Rxh7 Rxf4 39. h3 Ke5 40. Rf2 Rxf2 41. Kxf2 Kd4 42. Rh8 Kc3 43. Ke3 g5 44. Rd8 Kc2 45. Rd5 Bxh3 46. Rxg5 d2 47. Rg1 d1Q 48. Rxd1 Kxd1 49. Kd3 Bf5+ 50. Kc3 Kc1 51. b4 Bb1 52. a4 a5 0-1

[Event "Oberliga Sued W 1314"]
[Site "Germany"]
[Date "2014.01.19"]
[Round "5.6"]
[White "Vogler, Tilmann"]
[Black "Friedrich, Marius"]
[Result "1-0"]
[WhiteElo "2254"]
[BlackElo "2081"]
[PlyCount "81"]
[EventDate "2013.10.13"]
[EventType "team-tourn"]
[EventRounds "9"]
[EventCountry "GER"]
[SourceTitle "EXT 2015"]
[Source "ChessBase"]
[SourceDate "2014.11.20"]
[SourceVersion "1"]
[SourceVersionDate "2014.11.20"]
[SourceQuality "1"]
[WhiteTeam "Schott Mainz II"]
[BlackTeam "Gau Algesheim"]
[WhiteTeamCountry "GER"]
[BlackTeamCountry "GER"]

1. Nf3 Nf6 2. c4 e6 3. b3 b6 4. g3 Bb7 5. Bg2 Be7 6. 0-0 0-0 7. Bb2 c5 8. d3 Nc6 9. e3 Qc7 10. Ne1 d5 11. f4 Rad8 12. Qe2 dxc4 13. bxc4 Nb4 14. Bxb7 Qxb7 15. a3 Nc6 16. g4 g6 17. Ra2 b5 18. Nd2 Na5 19. Bc3 Nc6 20. g5 Nh5 21. Qg2 b4 22. axb4 cxb4 23. Ba1 Qb6 24. Rf3 b3 25. Rb2 Na5 26. Rb1 f5 27. gxf6 Bxf6 28. d4 Qa6 29. Nd3 Rc8 30. Nc5 Rxc5 31. dxc5 Bxa1 32. Rxa1 b2 33. Rb1 Rb8 34. Qe2 Qc6 35. Qd3 Qxc5 36. Rf2 Qb6 37. Nf1 Rd8 38. Qc3 Qc5 39. Rbxb2 a6 40. Ra2 Nxc4 41. Rac2 1-0

[Event "BL2-Sued 0809"]
[Site "Germany"]
[Date "2009.03.15"]
[Round "8.5"]
[White "Eichler, Christoph"]
[Black "Vogler, Tilmann"]
[Result "1-0"]
[WhiteElo "2330"]
[BlackElo "2315"]
[PlyCount "79"]
[EventDate "2008.10.05"]
[EventType "team-tourn"]
[EventRounds "9"]
[EventCountry "GER"]
[SourceTitle "CBM 129 Extra"]
[Source "ChessBase"]
[SourceDate "2009.05.05"]
[SourceVersion "2"]
[SourceVersionDate "2009.05.20"]
[SourceQuality "1"]
[WhiteTeam "Muenchen Tarrasch"]
[BlackTeam "Schott Mainz"]
[WhiteTeamCountry "GER"]
[BlackTeamCountry "GER"]

1. e4 e5 2. Nf3 f5 3. Nxe5 Qe7 4. Qh5+ g6 5. Nxg6 Qxe4+ 6. Be2 Nf6 7. Qh3 hxg6 8. Qxh8 Qxg2 9. Rf1 Kf7 10. Qh4 Bd6 11. d4 Be7 12. Qg3 Qc6 13. Nd2 d5 14. Rg1 Ne4 15. Nxe4 fxe4 16. Bd2 Bf5 17. Bg4 Bxg4 18. Qxg4 Nd7 19. Rg3 Rh8 20. Rc3 Qe6 21. Qf4+ Kg7 22. 0-0-0 Bd6 23. Qg5 Rh5 24. Qg1 Rxh2 25. Rb3 Nb6 26. Kb1 Qf5 27. Rf1 Nc4 28. Be1 b6 29. Rg3 Bxg3 30. Qxg3 Rh3 31. Qxc7+ Qf7 32. Qb8 Qd7 33. b3 Na5 34. Qe5+ Kh7 35. Rg1 Nc6 36. Qf6 Qe8 37. Rg5 Rf3 38. Qd6 Nxd4 39. Rxd5 Nf5 40. Qc7+ 1-0

[Event "BL2-Sued 0809"]
[Site "Germany"]
[Date "2008.12.14"]
[Round "4.6"]
[White "Schmidt, Horst"]
[Black "Vogler, Tilmann"]
[Result "1/2-1/2"]
[WhiteElo "2155"]
[BlackElo "2315"]
[PlyCount "88"]
[EventDate "2008.10.05"]
[EventType "team-tourn"]
[EventRounds "9"]
[EventCountry "GER"]
[SourceTitle "CBM 129 Extra"]
[Source "ChessBase"]
[SourceDate "2009.05.05"]
[SourceVersion "2"]
[SourceVersionDate "2009.05.20"]
[SourceQuality "1"]
[WhiteTeam "Bad Mergentheim"]
[BlackTeam "Schott Mainz"]
[WhiteTeamCountry "GER"]
[BlackTeamCountry "GER"]

1. e4 e6 2. d3 c5 3. c3 Nc6 4. Nf3 d6 5. g3 Nf6 6. Bg2 c4 7. 0-0 Be7 8. Re1 cxd3 9. Qxd3 0-0 10. Nbd2 Rb8 11. a4 b6 12. b4 Bb7 13. Nc4 Nxe4 14. Qxe4 d5 15. Qg4 dxc4 16. Bf4 Rc8 17. Ne5 Qe8 18. Nxc4 Nd8 19. Be5 f6 20. Bxb7 h5 21. Qe4 Nxb7 22. Qxb7 Rxc4 23. Bd4 Bxb4 24. Qxa7 Ba5 25. Bxb6 Bxc3 26. Rec1 Qc6 27. Ra3 Ra8 28. Qe7 Bb2 29. Rxc4 Qxc4 30. Rf3 Qc6 31. Rd3 Rxa4 32. Rd1 h4 33. Qd8+ Kh7 34. Qd3+ f5 35. Qe2 Bf6 36. Qh5+ Kg8 37. Bd8 h3 38. Qxh3 Qf3 39. Qf1 Rd4 40. Rxd4 Bxd4 41. Ba5 e5 42. Be1 Kh7 43. Bd2 Kg6 44. Bc1 Kh7 1/2-1/2

[Event "BL2-Sued 0809"]
[Site "Germany"]
[Date "2008.11.30"]
[Round "3.5"]
[White "Vonthron, Horst"]
[Black "Vogler, Tilmann"]
[Result "1-0"]
[WhiteElo "2300"]
[BlackElo "2315"]
[PlyCount "97"]
[EventDate "2008.10.05"]
[EventType "team-tourn"]
[EventRounds "9"]
[EventCountry "GER"]
[SourceTitle "CBM 129 Extra"]
[Source "ChessBase"]
[SourceDate "2009.05.05"]
[SourceVersion "2"]
[SourceVersionDate "2009.05.20"]
[SourceQuality "1"]
[WhiteTeam "Heidelberg Kirchheim"]
[BlackTeam "Schott Mainz"]
[WhiteTeamCountry "GER"]
[BlackTeamCountry "GER"]

1. e4 e5 2. Nf3 f5 3. d4 fxe4 4. Nxe5 Nf6 5. Bc4 d5 6. Bb3 Nbd7 7. Bg5 Be7 8. c4 Nxe5 9. dxe5 Ng4 10. Bxe7 Qxe7 11. Nc3 0-0 12. Qxd5+ Be6 13. Qxe6+ Qxe6 14. c5 Qxb3 15. axb3 Nxf2 16. 0-0 Nd3 17. Nxe4 Nxe5 18. Rxf8+ Kxf8 19. Ng5 Kg8 20. Ne6 c6 21. Re1 Nd7 22. Rd1 Nf8 23. Rd8 Rxd8 24. Nxd8 Nd7 25. Nxb7 Ne5 26. Kf2 Kf7 27. Ke3 Ke6 28. Ke4 Nf7 29. Kd4 Kd7 30. b4 a6 31. Na5 Ng5 32. Nc4 Ne6+ 33. Ke4 Nd8 34. Kf5 Ke7 35. Ne5 Ke8 36. Nf3 Ke7 37. Ng5 g6+ 38. Ke4 h6 39. Nf3 Ke6 40. Ne5 g5 41. Nf3 Kf6 42. Nd4 h5 43. g3 g4 44. Kf4 Kg6 45. Ke5 Nf7+ 46. Ke6 Ng5+ 47. Kd6 Nf3 48. Nxc6 Nxh2 49. Ne5+ 1-0

[Event "BL2-Sued 0809"]
[Site "Germany"]
[Date "2008.10.05"]
[Round "1.6"]
[White "Vogler, Tilmann"]
[Black "Roos, Jean Luc"]
[Result "1/2-1/2"]
[WhiteElo "2315"]
[BlackElo "2320"]
[PlyCount "121"]
[EventDate "2008.10.05"]
[EventType "team-tourn"]
[EventRounds "9"]
[EventCountry "GER"]
[SourceTitle "CBM 129 Extra"]
[Source "ChessBase"]
[SourceDate "2009.05.05"]
[SourceVersion "2"]
[SourceVersionDate "2009.05.20"]
[SourceQuality "1"]
[WhiteTeam "Schott Mainz"]
[BlackTeam "Heidelberg Handschuhsheim"]
[WhiteTeamCountry "GER"]
[BlackTeamCountry "GER"]

1. Nf3 d5 2. c4 e6 3. b3 Nf6 4. g3 Be7 5. Bg2 0-0 6. 0-0 b6 7. d3 Bb7 8. e3 c5 9. Ne1 Nc6 10. f4 Qc7 11. g4 Rad8 12. g5 Ne8 13. Rf3 f6 14. Rh3 fxg5 15. Nc3 Bf6 16. cxd5 Bxc3 17. dxc6 Bxc6 18. Rb1 gxf4 19. exf4 Bd4+ 20. Kh1 Nf6 21. Qe2 Rfe8 22. Nf3 Qb7 23. Bd2 e5 24. fxe5 Bxe5 25. Qf1 Bd4 26. Rg3 Rf8 27. Nxd4 Rxd4 28. Qf5 Bxg2+ 29. Rxg2 Rg4 30. Rbg1 Rxg2 31. Rxg2 Qc6 32. Kg1 Ne8 33. Qe4 Qf6 34. h4 Qf5 35. Bc3 Qxe4 36. dxe4 Rf4 37. e5 Kf7 38. Rd2 Ke6 39. h5 Nc7 40. Rd6+ Ke7 41. Bd2 Rf5 42. h6 g6 43. Rc6 Ne6 44. Rc8 Rf8 45. Rc6 Rd8 46. Be3 Rd5 47. Rc8 Rxe5 48. Bf2 Rd5 49. Rh8 Nf8 50. Rg8 Rf5 51. a4 Rf7 52. a5 Nd7 53. Ra8 Rf3 54. Rxa7 bxa5 55. Bxc5+ Ke6 56. Bd4 Rxb3 57. Rxa5 Rb4 58. Bg7 Rb7 59. Kg2 Kf7 60. Ra8 g5 61. Ra6 1/2-1/2

[Event "BL2-West 0708"]
[Site "Germany"]
[Date "2008.04.20"]
[Round "9.4"]
[White "Vogler, Tilmann"]
[Black "Brandenburg, Daan"]
[Result "0-1"]
[WhiteElo "2320"]
[BlackElo "2483"]
[PlyCount "79"]
[EventDate "2007.10.21"]
[EventType "team-tourn"]
[EventRounds "9"]
[EventCountry "GER"]
[SourceTitle "EXT 2009"]
[Source "ChessBase"]
[SourceDate "2008.11.26"]
[SourceVersion "1"]
[SourceVersionDate "2008.11.26"]
[SourceQuality "1"]
[WhiteTeam "Schott Mainz"]
[BlackTeam "Emsdetten Turm"]
[WhiteTeamCountry "GER"]
[BlackTeamCountry "GER"]

1. Nf3 d5 2. c4 Nf6 3. e3 dxc4 4. Bxc4 e6 5. b3 a6 6. Bb2 b5 7. Be2 Bb7 8. Qc2 Nbd7 9. 0-0 c5 10. d3 Be7 11. Nbd2 0-0 12. Rad1 Rc8 13. Qb1 Qb6 14. Qa1 Rfd8 15. Ne1 Nf8 16. Bf3 Ng6 17. Ne4 Ne8 18. g3 f5 19. Nc3 Bf6 20. Bxb7 Qxb7 21. f4 Rd7 22. Rf2 Rcd8 23. Rc1 Be7 24. Nd1 Nf6 25. Rfc2 h5 26. Nf2 h4 27. Rxc5 Bxc5 28. Rxc5 hxg3 29. hxg3 Nd5 30. e4 Nb4 31. a3 Nxd3 32. Nfxd3 Rxd3 33. Nxd3 Rxd3 34. Qe1 Qd7 35. Rc1 fxe4 36. Qxe4 Rxg3+ 37. Kh2 Rg4 38. Rc2 e5 39. Qa8+ Kh7 40. Qf3 0-1

[Event "BL2-West 0708"]
[Site "Germany"]
[Date "2007.11.04"]
[Round "2.4"]
[White "Zude, Erik"]
[Black "Vogler, Tilmann"]
[Result "1-0"]
[WhiteElo "2412"]
[BlackElo "2320"]
[PlyCount "99"]
[EventDate "2007.10.21"]
[EventType "team-tourn"]
[EventRounds "9"]
[EventCountry "GER"]
[SourceTitle "EXT 2009"]
[Source "ChessBase"]
[SourceDate "2008.11.26"]
[SourceVersion "1"]
[SourceVersionDate "2008.11.26"]
[SourceQuality "1"]
[WhiteTeam "Hofheim"]
[BlackTeam "Schott Mainz"]
[WhiteTeamCountry "GER"]
[BlackTeamCountry "GER"]

1. d4 Nf6 2. c4 g6 3. Nc3 Bg7 4. e4 0-0 5. Nf3 d6 6. h3 e5 7. d5 a5 8. Bg5 Qe8 9. Be2 Na6 10. 0-0 Nc5 11. Nd2 Kh8 12. b3 Ng8 13. a3 f5 14. b4 axb4 15. axb4 Rxa1 16. Qxa1 Na6 17. c5 h6 18. c6 hxg5 19. cxb7 Bxb7 20. Bxa6 Bxa6 21. Qxa6 g4 22. Qd3 Bh6 23. Nc4 Rf7 24. exf5 gxf5 25. hxg4 fxg4 26. b5 Rh7 27. Qf5 Rg7 28. b6 Ne7 29. Qe4 cxb6 30. Nxd6 Qh5 31. Nc4 Ng6 32. g3 Rh7 33. Rd1 b5 34. d6 Bg5 35. d7 Qh2+ 36. Kf1 Qh1+ 37. Ke2 Qf3+ 38. Qxf3 gxf3+ 39. Kxf3 bxc4 40. d8Q+ Bxd8 41. Rxd8+ Kg7 42. Rc8 Rh1 43. Rc7+ Kh6 44. Rxc4 Rc1 45. Rc7 Rc2 46. Nd5 Ra2 47. Nf6 Ra4 48. Rh7+ Kg5 49. Ne4+ Kf5 50. Rf7+ 1-0

[Event "BL2-West 0607"]
[Site "Germany"]
[Date "2007.04.22"]
[Round "9.5"]
[White "Vogler, Tilmann"]
[Black "Schmidt, Bodo"]
[Result "0-1"]
[WhiteElo "2337"]
[BlackElo "2338"]
[PlyCount "78"]
[EventDate "2006.10.15"]
[EventType "team-tourn"]
[EventRounds "9"]
[EventCountry "GER"]
[SourceTitle "EXT 2008"]
[Source "ChessBase"]
[SourceDate "2007.11.25"]
[SourceVersion "1"]
[SourceVersionDate "2007.11.25"]
[SourceQuality "1"]
[WhiteTeam "Schott Mainz"]
[BlackTeam "Godesberg"]
[WhiteTeamCountry "GER"]
[BlackTeamCountry "GER"]

1. Nf3 d5 2. c4 c6 3. b3 Nf6 4. g3 Bg4 5. Ne5 Bh5 6. Bg2 e6 7. 0-0 Nbd7 8. Bb2 Nxe5 9. Bxe5 Bd6 10. Bb2 0-0 11. d3 Qe7 12. Qc2 e5 13. Nc3 d4 14. Ne4 Nxe4 15. dxe4 f6 16. Bh3 a5 17. a4 Bf7 18. Rfd1 Rfd8 19. Bc1 Bb4 20. Rd3 Bg6 21. Rf3 Qc5 22. Qd3 Rd6 23. g4 h6 24. Bf1 Rb8 25. h4 b5 26. cxb5 cxb5 27. Rg3 Rc6 28. axb5 Qxb5 29. Qxb5 Rxb5 30. e3 Rbc5 31. Bc4+ Rxc4 32. bxc4 d3 33. Ba3 Rxc4 34. Bxb4 axb4 35. f3 b3 36. Rg2 Rc2 37. Ra8+ Kh7 38. Rb8 Rxg2+ 39. Kxg2 d2 0-1

[Event "BL2-West 0607"]
[Site "Germany"]
[Date "2007.04.01"]
[Round "8.5"]
[White "Mainka, Gregor"]
[Black "Vogler, Tilmann"]
[Result "0-1"]
[WhiteElo "2327"]
[BlackElo "2337"]
[PlyCount "76"]
[EventDate "2006.10.15"]
[EventType "team-tourn"]
[EventRounds "9"]
[EventCountry "GER"]
[SourceTitle "EXT 2008"]
[Source "ChessBase"]
[SourceDate "2007.11.25"]
[SourceVersion "1"]
[SourceVersionDate "2007.11.25"]
[SourceQuality "1"]
[WhiteTeam "Dortmund Hansa"]
[BlackTeam "Schott Mainz"]
[WhiteTeamCountry "GER"]
[BlackTeamCountry "GER"]

1. Nf3 Nf6 2. c4 g6 3. b3 Bg7 4. Bb2 0-0 5. g3 c5 6. Bg2 d6 7. d4 Nbd7 8. Nc3 a6 9. 0-0 Rb8 10. a4 b6 11. Qd2 Ne8 12. e4 e6 13. Rad1 Nc7 14. Rfe1 b5 15. e5 d5 16. cxd5 exd5 17. axb5 axb5 18. dxc5 Nxc5 19. Nd4 Rb6 20. Rc1 Bb7 21. Na2 N7e6 22. Nxe6 Nxe6 23. Ba3 Re8 24. Bd6 d4 25. Bxb7 Rxb7 26. Nb4 f6 27. Nc6 Qb6 28. Nb4 Ng5 29. Kg2 Rd7 30. f4 Qb7+ 31. Nc6 fxe5 32. fxe5 Nf7 33. Kg1 Nxd6 34. exd6 Rxe1+ 35. Qxe1 Rxd6 36. Qe8+ Bf8 37. Rf1 Qg7 38. Nd8 Qe7 0-1

[Event "BL2-West 0607"]
[Site "Germany"]
[Date "2007.03.18"]
[Round "7.4"]
[White "Dresen, Ulrich"]
[Black "Vogler, Tilmann"]
[Result "1-0"]
[WhiteElo "2319"]
[BlackElo "2337"]
[PlyCount "91"]
[EventDate "2006.10.15"]
[EventType "team-tourn"]
[EventRounds "9"]
[EventCountry "GER"]
[SourceTitle "EXT 2008"]
[Source "ChessBase"]
[SourceDate "2007.11.25"]
[SourceVersion "1"]
[SourceVersionDate "2007.11.25"]
[SourceQuality "1"]
[WhiteTeam "Gerresheim"]
[BlackTeam "Schott Mainz"]
[WhiteTeamCountry "GER"]
[BlackTeamCountry "GER"]

1. d4 Nf6 2. Bg5 Ne4 3. Bf4 c5 4. f3 Nf6 5. dxc5 e5 6. Be3 Na6 7. c4 Nxc5 8. Nc3 b6 9. Bg5 Ne6 10. Bd2 e4 11. e3 Bb7 12. f4 h5 13. Nh3 Rc8 14. Be2 Ng4 15. 0-0 f5 16. Qb3 Rh6 17. Rad1 Rg6 18. a3 Bc6 19. Kh1 Nc5 20. Qa2 Bd6 21. Nb5 Bxb5 22. cxb5 Qe7 23. Rc1 Rc7 24. Qd5 Qf7 25. Qa8+ Ke7 26. Bc4 Qf8 27. Qd5 Ne6 28. b4 Rf6 29. Rfd1 Nd8 30. Kg1 Nf7 31. Nf2 Nxf2 32. Kxf2 Nh6 33. h3 Rg6 34. Bc3 Qf7 35. Qxf7+ Nxf7 36. Be2 h4 37. Bd4 Rxc1 38. Rxc1 Nd8 39. Rc8 Ne6 40. Bc3 Rg3 41. Bb2 g5 42. Bh5 Bxf4 43. exf4 Nxf4 44. Re8+ Kd6 45. Be5+ Kd5 46. Bf7+ 1-0

[Event "BL2-West 0607"]
[Site "Germany"]
[Date "2006.12.10"]
[Round "4.4"]
[White "Vogler, Tilmann"]
[Black "Spoelman, Wouter"]
[Result "0-1"]
[WhiteElo "2337"]
[BlackElo "2461"]
[PlyCount "74"]
[EventDate "2006.10.15"]
[EventType "team-tourn"]
[EventRounds "9"]
[EventCountry "GER"]
[SourceTitle "EXT 2008"]
[Source "ChessBase"]
[SourceDate "2007.11.25"]
[SourceVersion "1"]
[SourceVersionDate "2007.11.25"]
[SourceQuality "1"]
[WhiteTeam "Schott Mainz"]
[BlackTeam "Emsdetten Turm"]
[WhiteTeamCountry "GER"]
[BlackTeamCountry "GER"]

1. Nf3 Nf6 2. b3 d5 3. c4 Bg4 4. d3 Nc6 5. Nbd2 e5 6. h3 Bxf3 7. gxf3 Bc5 8. a3 a5 9. Rg1 0-0 10. cxd5 Qxd5 11. Ne4 Nxe4 12. fxe4 Qd4 13. Be3 Bxa3 14. Bg2 Qb4+ 15. Kf1 Bb2 16. Bd2 Qb6 17. Rb1 Bd4 18. Be1 Ne7 19. h4 f5 20. Bf3 fxe4 21. dxe4 Ng6 22. Rg4 Qf6 23. Bd2 Nxh4 24. Bg5 Qa6 25. Bxh4 Rxf3 26. Kg2 Rf7 27. e3 Bc5 28. Qd5 Qe2 29. Kh3 Bf8 30. Rbg1 Re8 31. Qxb7 Re6 32. Qd5 Rh6 33. Qxe5 Rf3+ 34. R4g3 Qxf2 35. Qg5 Qxg1 36. Qd5+ Kh8 37. Rxf3 Qh1+ 0-1

[Event "BL2-West 0607"]
[Site "Germany"]
[Date "2006.10.15"]
[Round "1.4"]
[White "Zude, Arno"]
[Black "Vogler, Tilmann"]
[Result "1/2-1/2"]
[WhiteElo "2410"]
[BlackElo "2337"]
[PlyCount "36"]
[EventDate "2006.10.15"]
[EventType "team-tourn"]
[EventRounds "9"]
[EventCountry "GER"]
[SourceTitle "EXT 2007"]
[Source "ChessBase"]
[SourceDate "2006.11.23"]
[SourceVersion "1"]
[SourceVersionDate "2006.11.23"]
[SourceQuality "1"]
[WhiteTeam "Hofheim"]
[BlackTeam "Schott Mainz"]
[WhiteTeamCountry "GER"]
[BlackTeamCountry "GER"]

1. e4 d5 2. exd5 Nf6 3. d4 Nxd5 4. c4 Nf6 5. Nf3 g6 6. g3 Bg7 7. Bg2 0-0 8. 0-0 c6 9. Nc3 Nbd7 10. Re1 Re8 11. Bf4 Qa5 12. a3 Qh5 13. Ne5 Nxe5 14. Qxh5 Nxh5 15. Bxe5 Bd7 16. d5 Rac8 17. Rad1 Bxe5 18. Rxe5 Nf6 1/2-1/2

[Event "Oberliga Sued W 0506"]
[Site "Germany"]
[Date "2005.12.11"]
[Round "4.4"]
[White "Vogler, Tilmann"]
[Black "Bruch, Jochen"]
[Result "1-0"]
[WhiteElo "2290"]
[BlackElo "2151"]
[PlyCount "93"]
[EventDate "2005.10.23"]
[EventType "team-tourn"]
[EventRounds "9"]
[EventCountry "GER"]
[SourceTitle "EXT 2007"]
[Source "ChessBase"]
[SourceDate "2006.11.23"]
[SourceVersion "1"]
[SourceVersionDate "2006.11.23"]
[SourceQuality "1"]
[WhiteTeam "Schott Mainz"]
[BlackTeam "Ludwigshafen"]
[WhiteTeamCountry "GER"]
[BlackTeamCountry "GER"]

1. Nf3 Nf6 2. g3 c5 3. Bg2 g6 4. 0-0 Bg7 5. d3 0-0 6. Nc3 Nc6 7. a3 Rb8 8. Rb1 a6 9. b4 b6 10. bxc5 bxc5 11. Rxb8 Nxb8 12. Nd2 Qc7 13. Bb2 Nc6 14. Qa1 Nd4 15. e3 Ne6 16. Rb1 h5 17. Nde4 Nxe4 18. Nd5 Qd8 19. Bxe4 d6 20. Bxg7 Nxg7 21. Rb8 Re8 22. Qb2 Kf8 23. Nb6 Qc7 24. Nxc8 Rxc8 25. Rxc8+ Qxc8 26. Qb6 Ne6 27. Bb7 Qb8 28. Qxa6 Nd8 29. Bf3 Kg7 30. Qc4 Qb2 31. a4 Ne6 32. h4 Nc7 33. Kg2 Qb6 34. Qc3+ Kg8 35. Qb3 Qa5 36. Bc6 Kg7 37. Qb7 Kf6 38. Qc8 Na6 39. Qa8 Qb6 40. Qh8+ Ke6 41. Qc8+ Kf6 42. Bb7 Nb4 43. Qh8+ Ke6 44. Bc8+ Kd5 45. Bd7 f6 46. c4+ Ke5 47. f4# 1-0

[Event "Oberliga Sued W 0506"]
[Site "Germany"]
[Date "2005.11.27"]
[Round "3.4"]
[White "Kennel, Christoph"]
[Black "Vogler, Tilmann"]
[Result "0-1"]
[WhiteElo "2236"]
[BlackElo "2290"]
[PlyCount "108"]
[EventDate "2005.10.23"]
[EventType "team-tourn"]
[EventRounds "9"]
[EventCountry "GER"]
[SourceTitle "EXT 2007"]
[Source "ChessBase"]
[SourceDate "2006.11.23"]
[SourceVersion "1"]
[SourceVersionDate "2006.11.23"]
[SourceQuality "1"]
[WhiteTeam "Kaiserslautern Mehlingen"]
[BlackTeam "Schott Mainz"]
[WhiteTeamCountry "GER"]
[BlackTeamCountry "GER"]

1. g3 c5 2. b3 d6 3. Bb2 Nd7 4. Bg2 Ngf6 5. c4 g6 6. Nc3 Bg7 7. Nf3 a6 8. 0-0 Rb8 9. Nd5 0-0 10. Nxf6+ Nxf6 11. d4 Nd7 12. Qd2 b5 13. cxb5 axb5 14. dxc5 Bxb2 15. Qxb2 Nxc5 16. Nd4 Bb7 17. Bxb7 Rxb7 18. b4 Na4 19. Qd2 Qd7 20. Rfc1 Ra8 21. Qd3 e5 22. Nc6 Kg7 23. Na5 Rb6 24. f4 Re8 25. Rf1 Qa7 26. e3 Re6 27. Rae1 f5 28. Qd5 Qf7 29. Nc6 Nc3 30. Qg2 Qd7 31. Na5 Ne4 32. Qb2 Kh6 33. Rd1 Qa7 34. Kg2 Qa8 35. Kg1 Rb8 36. h3 Rc8 37. Kh2 Rc3 38. fxe5 dxe5 39. Rfe1 Re7 40. Rc1 Rd3 41. Re2 Qd5 42. Nb3 Ng5 43. h4 Nf3+ 44. Kh3 Rd1 45. Rg2 Qe4 46. g4 Rxc1 47. Qxc1 Nxh4 48. g5+ Kg7 49. Rg3 Nf3 50. Nd2 Qh4+ 51. Kg2 Qh2+ 52. Kxf3 e4+ 53. Nxe4 fxe4+ 54. Kf4 Qh4+ 0-1

[Event "Oberliga Sued W 0506"]
[Site "Germany"]
[Date "2005.10.23"]
[Round "1.4"]
[White "Bernhardt, Rolf"]
[Black "Vogler, Tilmann"]
[Result "1-0"]
[WhiteElo "2273"]
[BlackElo "2290"]
[PlyCount "142"]
[EventDate "2005.10.23"]
[EventType "team-tourn"]
[EventRounds "9"]
[EventCountry "GER"]
[SourceTitle "EXT 2007"]
[Source "ChessBase"]
[SourceDate "2006.11.23"]
[SourceVersion "1"]
[SourceVersionDate "2006.11.23"]
[SourceQuality "1"]
[WhiteTeam "Landau"]
[BlackTeam "Schott Mainz"]
[WhiteTeamCountry "GER"]
[BlackTeamCountry "GER"]

1. e4 c5 2. c3 d5 3. exd5 Qxd5 4. d4 Nc6 5. Nf3 e5 6. dxe5 Qxd1+ 7. Kxd1 Bg4 8. Nbd2 Nxe5 9. Bb5+ Bd7 10. Bxd7+ Nxd7 11. Re1+ Be7 12. Nc4 Kf8 13. Bf4 Nb6 14. Nxb6 axb6 15. c4 f6 16. Kc2 Kf7 17. Rad1 Rd8 18. Bc7 Rxd1 19. Rxd1 Nh6 20. Bxb6 Ra8 21. a3 Ra6 22. Bc7 Nf5 23. g4 Nd6 24. Bxd6 Bxd6 25. h3 Ke6 26. Rd5 Ra4 27. Kb3 b5 28. cxb5 Ra5 29. Rd2 Rxb5+ 30. Kc4 Ra5 31. Re2+ Kd7 32. Kd5 Ra4 33. Re6 Be7 34. Re4 Ra6 35. Kc4 Rb6 36. Kc3 g6 37. Re2 Bf8 38. Nd2 Ra6 39. Nc4 Be7 40. f4 Bf8 41. f5 Be7 42. a4 Bd8 43. b3 Ra8 44. Re6 Rb8 45. a5 gxf5 46. gxf5 h5 47. a6 h4 48. Kc2 Kc7 49. Nd6 Kb6 50. Ne4+ Ka7 51. Rc6 Rb4 52. Nxc5 Rf4 53. Rd6 Bb6 54. Rd7+ Ka8 55. Ne6 Rxf5 56. Rb7 Ba5 57. b4 Re5 58. Nd4 Bxb4 59. Rxb4 Ra5 60. Rb8+ Kxb8 61. Nc6+ Kc7 62. Nxa5 Kb6 63. Kd3 Kxa6 64. Nb3 Kb5 65. Ke4 Kc6 66. Nd4+ Kd6 67. Kf5 Ke7 68. Kg6 Kf8 69. Nf5 Kg8 70. Nxh4 Kh8 71. Nf5 Kg8 1-0

[Event "Mainz CCM5 sim"]
[Site "Mainz"]
[Date "2005.08.??"]
[Round "?"]
[White "Grischuk, Alexander"]
[Black "Vogler, Tilmann"]
[Result "1/2-1/2"]
[WhiteElo "2720"]
[BlackElo "2325"]
[PlyCount "47"]
[EventDate "2005.08.??"]
[EventType "simul"]
[EventRounds "1"]
[EventCountry "GER"]
[SourceTitle "EXT 2007"]
[Source "ChessBase"]
[SourceDate "2006.11.23"]
[SourceVersion "1"]
[SourceVersionDate "2006.11.23"]
[SourceQuality "1"]
[BlackTeam "Schwarzenbach"]
[BlackTeamCountry "GER"]

1. Nf3 Nf6 2. c4 c5 3. Nc3 g6 4. d4 Bg7 5. d5 d6 6. e4 0-0 7. h3 e6 8. Bd3 exd5 9. exd5 Re8+ 10. Be3 Bh6 11. 0-0 Bxe3 12. fxe3 Qe7 13. e4 Nh5 14. Qd2 Nd7 15. Rf2 Ne5 16. Nxe5 Qxe5 17. Ne2 Re7 18. Raf1 Bd7 19. Rf3 a6 20. b4 Rc8 21. bxc5 Rxc5 22. Nf4 Nxf4 23. Qxf4 Qxf4 24. Rxf4 1/2-1/2